Brazilian Cities That Have Metro - Statistics

General Stats
  • This quiz has been taken 44 times
  • The average score is 8 of 8
Answers on the Map
Answers color-coded by a green-red scale on the quiz's map according to % correct below.
 
Answer Stats
Answer % Correct
Brasília
100%
Rio de Janeiro
100%
São Paulo
100%
Recife
98%
Salvador
95%
Belo Horizonte
93%
Porto Alegre
93%
Fortaleza
90%
No matching quizzes found
Score Distribution
Percent of People with Each Score
Percentile by Number Answered
Your Score History
You have not taken this quiz